LEADER 00909nam0-22003131i-450- 001 990004381510403321 005 20030404 010 $a0-7190-5722-1 035 $a000438151 035 $aFED01000438151 035 $a(Aleph)000438151FED01 035 $a000438151 100 $a20030404d2001----km-y0itay50------ba 101 0 $aeng 102 $aGB 105 $aa-------001yy 200 1 $aDrama + theory$ecritical approaches to modern british drama$fPeter Buse 210 $aManchester and New York$cManchester University press$d2001 215 $aXI, 204 p.$d22 cm 610 0 $aLetteratura drammatica inglese$aSec.20.$aAnalisi strutturale 676 $a822.91409$v21$zit 700 1$aBuse,$bPeter$0175951 801 0$aIT$bUNINA$gRICA$2UNIMARC 901 $aBK 912 $a990004381510403321 952 $aP.3 B 13662$fFLFBC 959 $aFLFBC 996 $aDrama + theory$9541463 997 $aUNINA LEADER 02684oam 2200469 450 001 9910746595103321 005 20240201193339.0 010 $a1-03-531121-6 035 $a(MiAaPQ)EBC30752264 035 $a(Au-PeEL)EBL30752264 035 $a(CKB)28284168600041 035 $a(NjHacI)9928284168600041 035 $a(UtOrBLW)eep9781035311217 035 $a(EXLCZ)9928284168600041 100 $a20231010d2023 uy 0 101 0 $aeng 135 $aurcnu|||||||| 181 $ctxt$2rdacontent 182 $cc$2rdamedia 183 $acr$2rdacarrier 200 10$aReferendum Authorization Procedures in Europe $eA Comparative Analysis /$fAnna Forga?cs 205 $aFirst edition. 210 1$aNorthampton :$cEdward Elgar Publishing,$d2023. 215 $a1 online resource (xxi, 233 pages) 225 1 $aElgar Studies in European Law and Policy Series 311 08$aPrint version: Forgács, Anna Referendum Authorization Procedures in Europe Cheltenham : Edward Elgar Publishing Limited,c2023 320 $aIncludes bibliographical references and index. 327 $aFront Matter -- Copyright -- Contents -- Acknowledgements -- Abbreviations -- Table of cases -- Table of legislation/table of legal sources -- 1. Introduction to Referendum Authorization Procedures in Europe -- 2. European trends in referendum authorization -- 3. The legal rules on referendums in the selected states -- 4. The nature of the referendum authorization procedure -- 5. Procedural guarantees in referendum authorization -- 6. Impartiality and independence of the decision-maker -- 7. Right to a reasoned decision -- 8. Right to be heard and other participation rights -- 9. Right to an effective remedy -- 10. Conclusions on referendum authorization procedures in Europe -- Bibliography -- Index. 330 $a"Exploring the referendum practices of eight European states, this book unpacks the intricacies of the institutional and procedural settings of referendum authorization to reach an equilibrium between the exercise of popular sovereignty and the protection of rule of law. The book also examines how, by authorizing certain issues and refusing others, state institutions can exercise considerable control over the whole referendum process." 410 0$aElgar Studies in European Law and Policy. 606 $aReferendum$zEurope 615 0$aReferendum 676 $a328.23 700 $aForga?cs$b Anna$01430760 712 02$aEdward Elgar Publishing, 801 0$bMiAaPQ 801 1$bMiAaPQ 801 2$bMiAaPQ 906 $aBOOK 912 $a9910746595103321 996 $aReferendum Authorization Procedures in Europe$93570565 997 $aUNINA